000 00794nam a22002777a 4500
003 CHAP
005 20220329133536.0
008 971013s1983 r 00010 d
010 _a7633
011 _a8605
035 _a7834
040 _cCHAP
082 _a639.375
_bJ4Y 1983
100 0 0 _aJens, Gunter.
_961350
245 _aAsí se crían truchas
260 _aBarcelona :
_bEd. Marzo 80,
_c1983
300 _a134 p.
_b: ilus.
500 _aTrad. de la4 ed. en alemán de 1983
590 _aBATCH-UPD
_b10
_c20130110
_lUCH01
_h1516
590 _aCONVERSION
_b10
_c20130109
_lUCH01
_h1305
650 1 4 _aPiscicultura.
_988531
650 1 4 _aTrucha.
_9115343
901 _aBK
942 _cLIBRO
949 _a639.375 J4Y 1983
_bBC
_cLIBRO
_d33724002061702
_eLIBRO
_gI. c/e
_h75193
_i7834
_si
_t60.00
999 _c7633
_d7633